[Event "European Rapid 2011"]
[Site "Warsaw POL"]
[Date "2011.12.17"]
[Round "7"]
[White "Durarbeyli, Vasif"]
[Black "Lavendelis, Egons"]
[Result "1-0"]
[WhiteTitle "GM"]
[BlackTitle "FM"]
[WhiteElo "2539"]
[BlackElo "2347"]
[WhiteFideId "13402935"]
[BlackFideId "11601647"]
[EventDate "2011.12.17"]

1. e4 c5 2. Nf3 Nc6 3. d4 cxd4 4. Nxd4 Nf6 5. Nc3 e6 6. Ndb5 Bb4 7. Nd6+ Ke7 8.
Nxc8+ Rxc8 9. Bd3 d5 10. exd5 Qxd5 11. O-O Qh5 12. Be2 Qa5 13. Bd2 Rhd8 14. Qe1
Qe5 15. Bd3 Qxe1 16. Rfxe1 Nd5 17. Rab1 b6 18. Bg5+ f6 19. Bd2 Nxc3 20. bxc3 Bc5
21. Bf4 g6 22. Ba6 e5 23. Bxc8 Rxc8 24. Be3 Bd6 25. Rbd1 Na5 26. Rd3 Nc4 27. Bc1
Rc7 28. g4 Ke6 29. Kg2 f5 30. gxf5+ gxf5 31. Rh3 Rg7+ 32. Rg3 Rf7 33. Rg8 f4 34.
Kf3 Kf5 35. Re4 b5 36. Rd8 Rf6 37. a4 a6 38. axb5 axb5 39. h4 Rh6 40. h5 Kg5 41.
Rd7 Kxh5 42. Rg7 Rg6 43. Rxh7+ Kg5 44. Rb7 Rh6 45. Rxb5 Rh3+ 46. Kg2 Rxc3 47.
Rxf4 Kg6 48. Rg4+ Kf5 49. Rg5+ Kf6 50. Rg3 Rxc2 51. Bg5+ Ke6 52. Rf3 Kd7 53.
Rb7+ Kc6 54. Rbb3 Bc5 55. Rbc3 Rxc3 56. Rxc3 Kd5 57. Kf3 Bd4 58. Rb3 e4+ 59. Ke2
Nd6 60. Be3 Be5 61. Ra3 Nf5 62. Ra5+ Ke6 63. Kd2 Nd6 64. Kc2 Nc4 65. Rc5 Nd6 66.
Kb3 Nf5 67. Ra5 Nd6 68. Kb4 Nf5 69. Kc5 Bd6+ 70. Kc4 Bc7 71. Ra6+ Ke5 72. Kc5
Bd6+ 73. Kc6 Bb4 74. Rb6 Bc3 75. Rb5+ Ke6 76. Kc5 Bf6 77. Rb6+ Ke5 78. Ra6 Be7+
79. Kc4 Nd6+ 80. Kb3 Nf5 81. Kc3 Bf6 82. Ra5+ Ke6+ 83. Kd2 Nd6 84. Ke2 Nf5 85.
Ra6+ Kf7 86. Kf1 Be5 87. Ra4 Nd6 88. Bc5 Nf5 1-0

[Event "European Rapid 2011"]
[Site "Warsaw POL"]
[Date "2011.12.17"]
[Round "7"]
[White "Kula, Robert"]
[Black "Olszewski, Michal"]
[Result "1-0"]
[WhiteTitle "FM"]
[BlackTitle "GM"]
[WhiteElo "2341"]
[BlackElo "2539"]
[WhiteFideId "1101218"]
[BlackFideId "1121251"]
[EventDate "2011.12.17"]

1. e4 c5 2. Nf3 d6 3. d4 cxd4 4. Nxd4 Nf6 5. Nc3 a6 6. Bd3 g6 7. O-O Bg7 8. Kh1
O-O 9. f3 Nbd7 10. Be3 Qc7 11. a4 b6 12. Qe2 Bb7 13. Rfd1 Nc5 14. Bc4 e6 15. a5
b5 16. Ndxb5 axb5 17. Nxb5 Qc6 18. Nxd6 Nfd7 19. Nxb7 Qxb7 20. c3 Qc7 21. a6
Rfb8 22. Bb5 Nf8 23. b4 Ncd7 24. Rac1 Rc8 25. c4 Nb8 26. a7 Rxa7 27. Bxa7 Qxa7
28. c5 Qa3 29. Qc4 Be5 30. Rd3 Qb2 31. Rcd1 Kg7 32. g3 g5 33. R1d2 Qa1+ 34. Kg2
Ng6 35. Rd1 Qa7 36. R1d2 h5 37. Ra2 Qc7 38. Ba6 Rd8 39. Rxd8 Qxd8 40. b5 h4 41.
b6 hxg3 42. hxg3 Qd1 43. Qe2 Qb3 44. Bb5 g4 45. f4 Bxf4 46. Qb2+ Qxb2+ 47. Rxb2
Be3 48. Rc2 Ne5 49. c6 Nbxc6 50. Bxc6 Bxb6 51. Rb2 Bd4 52. Rc2 Nf3 53. Ra2 Kf6
54. Ra5 Be5 55. Bb5 Bc3 56. Ra3 Bb4 57. Ra4 Bc5 58. Be2 Ne5 59. Ra8 Kg7 60. Ra5
Bd4 61. Bxg4 Kf6 62. Be2 Bb6 63. Rb5 Bd4 64. Kh3 Bf2 65. g4 Be3 66. Kg3 Ng6 67.
Kf3 Bd2 68. Rb2 Bc3 69. Rb5 Bd2 70. Bd1 Ne5+ 71. Kg3 Be1+ 72. Kg2 Bd2 73. Kh3
Bg5 74. Kg3 Ng6 75. Rb7 Bf4+ 76. Kg2 Ne5 77. Kh3 Bg5 78. Ba4 Kg6 79. Be8 Kf6 80.
Rb5 Ng6 81. Bxf7 Nf4+ 82. Kh2 Nd3 83. Bh5 Bf4+ 84. Kg2 Ne5 85. Rb7 Be3 86. Rb8
Bd2 87. Rf8+ Kg7 88. Rf1 Bg5 89. Kf2 Nd3+ 90. Ke2 Nf4+ 91. Kd1 Kf6 92. Be8 Ke5
93. Bc6 Nd3 94. Ke2 Nf4+ 95. Kf3 Kf6 96. Ra1 Nd3 97. Ra6 Nb4 98. Rb6 Nc2 99. Bd7
Nd4+ 100. Kg3 Ke5 101. Ra6 Ne2+ 102. Kf2 Nd4 103. Kg3 Ne2+ 104. Kg2 Nd4 105. Kh3
Bf6 106. Kg3 Ne2+ 107. Kf3 Nd4+ 108. Ke3 Nc2+ 109. Kd2 Nd4 110. Kd3 Kf4 111.
Bxe6 Nf3 112. Bc8 Ne5+ 113. Ke2 Bg5 114. Bf5 Nf3 115. Ra4 Ne5 116. Kd2 Bf6 117.
Ra8 Nf3+ 118. Kc2 Ne5 119. Kb3 Be7 120. Ra7 Bf6 121. Ra6 Be7 122. Re6 Bh4 123.
Kb4 Nf3 124. Kb5 1-0

[Event "European Rapid 2011"]
[Site "Warsaw POL"]
[Date "2011.12.17"]
[Round "7"]
[White "Kantans, Toms"]
[Black "Stupak, Kirill"]
[Result "1-0"]
[WhiteTitle "FM"]
[BlackTitle "GM"]
[WhiteElo "2338"]
[BlackElo "2503"]
[WhiteFideId "11602945"]
[BlackFideId "13503758"]
[EventDate "2011.12.17"]

1. e4 e6 2. c4 d5 3. cxd5 exd5 4. exd5 Nf6 5. Nc3 Nxd5 6. Nf3 Be7 7. d4 O-O 8.
Bd3 Bg4 9. O-O Nc6 10. h3 Bxf3 11. Qxf3 Ndb4 12. d5 Nxd3 13. Qxd3 Bf6 14. Rd1
Ne5 15. Qb5 b6 16. Bf4 Ng6 17. Bg3 Be5 18. Bxe5 Nxe5 19. Ne4 Qh4 20. Re1 Rad8
21. Rac1 Qf4 22. Rc3 a6 23. Qxa6 Rxd5 24. Qb7 Rfd8 25. Rce3 h5 26. Nc3 Rd2 27.
Rxe5 Qxf2+ 28. Kh1 R8d5 29. Qxd5 Rxd5 30. Nxd5 g6 31. R5e2 Qc5 32. Rd1 Kg7 33.
b4 Qc4 34. Rf2 b5 1-0

[Event "European Rapid 2011"]
[Site "Warsaw POL"]
[Date "2011.12.17"]
[Round "7"]
[White "Przybylski, Wojciech"]
[Black "Podolchenko, Evgeniy"]
[Result "0-1"]
[WhiteTitle "FM"]
[BlackTitle "GM"]
[WhiteElo "2330"]
[BlackElo "2484"]
[WhiteFideId "1117599"]
[BlackFideId "13504134"]
[EventDate "2011.12.17"]

1. e4 e6 2. d4 d5 3. exd5 exd5 4. Nf3 Bd6 5. Bd3 Nc6 6. O-O Nge7 7. Nc3 Bg4 8.
Be3 Qd7 9. Nb5 Bb4 10. h3 Bh5 11. a3 Ba5 12. Be2 O-O 13. b4 Bb6 14. Nc3 Rfe8 15.
b5 Na5 16. Ne5 Bxe2 17. Qxe2 Qe6 18. Qf3 c6 19. bxc6 bxc6 20. Ne2 f6 21. Nd3 Nf5
22. Ndf4 Qe4 23. Qxe4 Rxe4 24. Nc3 Ree8 25. Nfe2 Nxe3 26. fxe3 Rxe3 27. Rf3 Rxf3
28. gxf3 Re8 29. Kf2 Nc4 30. Nd1 Kf7 31. a4 c5 32. c3 cxd4 33. cxd4 g5 34. Ndc3
Ke6 35. Re1 Kd6 36. Rb1 Kc6 37. Rb5 Rd8 38. Na2 a5 0-1

[Event "European Rapid 2011"]
[Site "Warsaw POL"]
[Date "2011.12.17"]
[Round "7"]
[White "Zawadzka, Jolanta"]
[Black "Kanarek, Marcel"]
[Result "1/2-1/2"]
[WhiteTitle "WGM"]
[BlackTitle "IM"]
[WhiteElo "2326"]
[BlackElo "2467"]
[WhiteFideId "1122320"]
[BlackFideId "1126822"]
[EventDate "2011.12.17"]

1. e4 c5 2. Nf3 Nc6 3. d4 cxd4 4. Nxd4 g6 5. c4 Nf6 6. Nc3 d6 7. Be2 Nxd4 8.
Qxd4 Bg7 9. Bg5 O-O 10. Qd2 Be6 11. Rc1 a6 12. f3 Qa5 13. Nd5 Qxd2+ 14. Kxd2
Bxd5 15. cxd5 Rfc8 16. a4 h6 17. Be3 Nd7 18. b4 Kf8 19. g4 g5 20. h4 Bf6 21.
hxg5 hxg5 22. Rh5 Rxc1 23. Kxc1 Rc8+ 24. Kd2 Rc3 25. Bxg5 Ra3 26. Bxf6 exf6 27.
Bd1 Kg7 28. f4 Nb6 29. g5 Nc4+ 1/2-1/2

[Event "European Rapid 2011"]
[Site "Warsaw POL"]
[Date "2011.12.17"]
[Round "7"]
[White "Kuzmicz, Krystian"]
[Black "Cooper, Lawrence H"]
[Result "0-1"]
[WhiteTitle "IM"]
[BlackTitle "IM"]
[WhiteElo "2451"]
[BlackElo "2317"]
[WhiteFideId "1119125"]
[BlackFideId "401536"]
[EventDate "2011.12.17"]

1. e4 e5 2. Nf3 d6 3. d4 exd4 4. Nxd4 Nf6 5. Nc3 Be7 6. Bc4 O-O 7. O-O a6 8. a4
Nxe4 9. Nxe4 d5 10. Bd3 dxe4 11. Bxe4 Nd7 12. Nf5 Bf6 13. Qf3 Ne5 14. Qg3 Bxf5
15. Bxf5 Ng6 16. Qb3 Qd6 17. Be3 Qe5 18. Bxg6 hxg6 19. c3 Qe4 20. a5 Qc6 21. Ra4
Be7 22. Rc4 Qe6 23. Qa4 Bd6 24. Re4 Qf5 25. Rd1 Qb5 26. Qa2 Qh5 27. Rdd4 Qxh2+
28. Kf1 Qh1+ 29. Ke2 Qxg2 30. Rg4 Qc6 31. Rxg6 Qb5+ 32. Ke1 Rae8 33. Rd5 Qc6 34.
Rdg5 Rxe3+ 35. fxe3 Qh1+ 36. Rg1 Qh4+ 37. Ke2 0-1

[Event "European Rapid 2011"]
[Site "Warsaw POL"]
[Date "2011.12.17"]
[Round "7"]
[White "Klekowski, Maciej"]
[Black "Rajlich, Iweta"]
[Result "1-0"]
[BlackTitle "IM"]
[WhiteElo "2308"]
[BlackElo "2428"]
[WhiteFideId "1132717"]
[BlackFideId "1108166"]
[EventDate "2011.12.17"]

1. c4 Nf6 2. Nc3 g6 3. g3 d5 4. cxd5 Nxd5 5. Bg2 Nb6 6. Nf3 c5 7. O-O Bg7 8. b3
O-O 9. Bb2 Nc6 10. Rc1 Nd4 11. Ba3 Nd7 12. Nxd4 Bxd4 13. e3 Qa5 14. Na4 Bf6 15.
Bxc5 Rb8 16. b4 Qa6 17. Rb1 b5 18. Nc3 Nxc5 19. bxc5 Bxc3 20. dxc3 Bf5 21. Rb2
Qa3 22. Rb4 Qxc3 23. Qd4 Qa3 24. c6 a5 25. Rb3 Qxa2 26. Rb2 Qc4 27. Qe5 a4 28.
Bd5 Qd3 29. c7 Rbc8 30. Bb7 a3 31. Bxc8 1-0

[Event "European Rapid 2011"]
[Site "Warsaw POL"]
[Date "2011.12.17"]
[Round "7"]
[White "Adamski, Jan"]
[Black "Berzinsh, Roland"]
[Result "1/2-1/2"]
[WhiteTitle "IM"]
[BlackTitle "IM"]
[WhiteElo "2297"]
[BlackElo "2417"]
[WhiteFideId "1100190"]
[BlackFideId "11600357"]
[EventDate "2011.12.17"]

1. Nf3 c5 2. c4 e6 3. g3 d5 4. Bg2 Nc6 5. O-O Nf6 6. cxd5 exd5 7. d4 Be7 8. Nc3
O-O 9. dxc5 d4 10. Nb5 Bxc5 11. b4 Bxb4 12. Bb2 d3 13. exd3 Bf5 14. Nfd4 Bd7 15.
Qb3 Be7 16. Nxc6 Bxc6 17. Bxc6 bxc6 18. Nd4 Qd7 19. Rfe1 Rfe8 20. Nf3 Rab8 21.
Qc2 Qd5 22. Bxf6 Bxf6 23. Rxe8+ Rxe8 24. Re1 Rd8 25. Nd2 h6 26. Nb3 h5 27. h4 g6
28. Re3 Kg7 29. Re1 Rd6 30. Re3 Qf5 31. Kg2 Qg4 32. Re4 Qf5 33. Re3 Qd5+ 34. Kg1
Rd8 35. Re1 Qf3 1/2-1/2

[Event "European Rapid 2011"]
[Site "Warsaw POL"]
[Date "2011.12.17"]
[Round "7"]
[White "Sotsky, Alexander"]
[Black "Roggeveen, Pieter"]
[Result "1-0"]
[WhiteTitle "IM"]
[WhiteElo "2410"]
[BlackElo "2200"]
[WhiteFideId "4130715"]
[BlackFideId "1013238"]
[EventDate "2011.12.17"]

1. d4 Nf6 2. Bg5 e6 3. e3 h6 4. Bh4 c5 5. c3 Qb6 6. Qb3 Nc6 7. Nd2 d5 8. Ngf3 c4
9. Qc2 Be7 10. Be2 Bd7 11. O-O O-O 12. Ne5 Qd8 13. f4 Ne8 14. Bxe7 Qxe7 15. e4
b5 16. Bf3 Nxe5 17. fxe5 Bc6 18. Rae1 Nc7 19. exd5 Bxd5 20. Ne4 Rad8 21. Re3 a5
22. Nf6+ gxf6 23. exf6 Qxf6 24. Bxd5 Qxf1+ 25. Kxf1 Rxd5 26. Rg3+ Rg5 27. Rxg5+
hxg5 28. Qe2 f6 29. Qe4 Kg7 30. Qc6 Rf7 31. a4 bxa4 32. Qxc4 a3 33. bxa3 Nd5 34.
Qa6 Nxc3 35. Qxe6 Rb7 36. Qc6 Rb1+ 37. Kf2 Nb5 38. a4 Rb2+ 39. Kg3 1-0

[Event "European Rapid 2011"]
[Site "Warsaw POL"]
[Date "2011.12.17"]
[Round "7"]
[White "Poetsch, Hagen"]
[Black "Sowul, Bartosz"]
[Result "1/2-1/2"]
[WhiteTitle "IM"]
[WhiteElo "2408"]
[BlackElo "2196"]
[WhiteFideId "24615137"]
[BlackFideId "1137590"]
[EventDate "2011.12.17"]

1. e4 g6 2. d4 d6 3. c4 Bg7 4. Nc3 Nf6 5. f4 O-O 6. Nf3 c5 7. d5 e6 8. Be2 exd5
9. cxd5 Nbd7 10. O-O Re8 11. Nd2 a6 12. a4 Qc7 13. Bf3 Rb8 14. a5 c4 15. Qe2 b5
16. axb6 Nxb6 17. Qf2 Nfd7 18. e5 dxe5 19. Nde4 f5 20. Ng5 Nc5 21. fxe5 Nd3 22.
d6 Qd8 23. Qh4 h6 24. Nd5 Nxc1 25. Ne7+ Rxe7 26. Ne6 Bxe6 27. dxe7 Qe8 28. Rfxc1
g5 29. Qf2 Qxe7 30. Rxa6 Nd7 31. Qa7 Bxe5 32. Re1 1/2-1/2

[Event "European Rapid 2011"]
[Site "Warsaw POL"]
[Date "2011.12.17"]
[Round "7"]
[White "Ustiyanovich, Nazariy"]
[Black "Strzemiecki, Zbigniew"]
[Result "1-0"]
[WhiteTitle "FM"]
[BlackTitle "FM"]
[WhiteElo "2176"]
[BlackElo "2403"]
[WhiteFideId "14109778"]
[BlackFideId "1126687"]
[EventDate "2011.12.17"]

1. Nf3 Nf6 2. c4 e6 3. b3 b6 4. Bb2 Bb7 5. g3 Bxf3 6. exf3 d5 7. Bg2 Be7 8. O-O
O-O 9. f4 Nbd7 10. Nc3 c6 11. f5 exf5 12. cxd5 cxd5 13. Nxd5 Nxd5 14. Bxd5 Rc8
15. Bb7 Rc7 16. Bg2 Bf6 17. d4 Re8 18. Qd3 g6 19. Rfd1 Nf8 20. Rac1 Rxc1 21.
Rxc1 Ne6 22. Bc6 Re7 23. Ba3 Bxd4 24. Rd1 Rc7 25. Bg2 Qf6 26. Bd5 Rd7 27. Qc4
Bc5 28. b4 Bf8 29. Rd2 Nc7 30. Bb2 b5 31. Qc2 Qxb2 32. Bxf7+ Rxf7 33. Qxb2 Ne6
34. Qb3 Re7 35. Rd6 Kf7 36. Qd5 Bg7 37. Rd7 Bd4 38. Qxb5 h5 39. h4 f4 40. gxf4
Rxd7 41. Qxd7+ Kf6 42. f5 gxf5 43. a4 Ke5 44. a5 Nf4 45. Qc7+ Ke4 46. Qc6+ Ke5
47. Kf1 Nd3 48. b5 Nxf2 49. b6 axb6 50. axb6 Bxb6 51. Qxb6 Ne4 52. Qg6 Kf4 53.
Kg2 Nc3 54. Qg3+ 1-0

[Event "European Rapid 2011"]
[Site "Warsaw POL"]
[Date "2011.12.17"]
[Round "8"]
[White "Volokitin, Andrei"]
[Black "Kempinski, Robert"]
[Result "1/2-1/2"]
[WhiteTitle "GM"]
[BlackTitle "GM"]
[WhiteElo "2695"]
[BlackElo "2603"]
[WhiteFideId "14107090"]
[BlackFideId "1105663"]
[EventDate "2011.12.17"]

1. e4 c5 2. Nf3 Nc6 3. d4 cxd4 4. Nxd4 e5 5. Nb5 d6 6. N1c3 a6 7. Na3 Be7 8. Be3
Nf6 9. Nc4 b5 10. Nb6 Rb8 11. Nxc8 Qxc8 12. Bd3 Nb4 13. O-O Nxd3 14. Qxd3 h6 15.
a3 O-O 16. f3 Qc4 17. Rfd1 Rfc8 18. Rd2 a5 19. Qxc4 Rxc4 20. a4 b4 21. Nb5 Ne8
22. b3 Rc6 23. Re1 Nc7 24. Nxc7 Rxc7 25. Ree2 Rc6 26. Kf1 Rbc8 27. Ke1 Bg5 28.
Bxg5 hxg5 29. Kd1 Kf8 30. Rd5 Ra6 31. Red2 Ke7 32. Rb5 Rc7 33. Rdd5 Rca7 34. Kd2
g6 35. c3 bxc3+ 36. Kxc3 Ke6 37. Rb8 Rc6+ 38. Kb2 f5 39. Rbb5 Rca6 40. g4 Ra8
41. Kc3 Rc8+ 42. Kb2 Rca8 43. h3 R8a7 44. Rb8 Rh7 45. Rdb5 Rxh3 46. R5b7 Rxf3
47. Re8+ Kf6 48. Rf8+ Ke6 49. Re8+ Kf6 50. Rf8+ 1/2-1/2

[Event "European Rapid 2011"]
[Site "Warsaw POL"]
[Date "2011.12.17"]
[Round "8"]
[White "Lintchevski, Daniil"]
[Black "Azarov, Sergei"]
[Result "0-1"]
[WhiteTitle "GM"]
[BlackTitle "GM"]
[WhiteElo "2575"]
[BlackElo "2667"]
[WhiteFideId "4171055"]
[BlackFideId "13501470"]
[EventDate "2011.12.17"]

1. e4 c5 2. Nf3 d6 3. d4 cxd4 4. Nxd4 Nf6 5. Nc3 g6 6. Be3 Bg7 7. Be2 Nc6 8. Qd2
O-O 9. O-O-O Be6 10. h4 Rc8 11. Nxe6 fxe6 12. h5 Nb4 13. Kb1 Qa5 14. a3 Nxe4 15.
Nxe4 Rxc2 16. axb4 Rxd2 17. Bxd2 Qe5 18. Nc3 Rxf2 19. Bf3 Qd4 20. Bc1 Qxb4 21.
Ne2 a5 22. hxg6 hxg6 23. Rd3 a4 24. Rhd1 Qc4 25. Re3 b5 26. Rd2 b4 27. Rc2 Qb5
28. Bg4 Rf5 29. Nf4 Bh6 30. g3 b3 31. Rc7 e5 32. Nxg6 Bxe3 33. Nxe7+ Kf8 34.
Bxf5 Bxc1 35. Ng6+ Ke8 36. Rxc1 Qe2 37. Rc8+ Kf7 38. Rc1 a3 0-1

[Event "European Rapid 2011"]
[Site "Warsaw POL"]
[Date "2011.12.17"]
[Round "8"]
[White "Fedorov, Alexei"]
[Black "Timofeev, Artyom"]
[Result "0-1"]
[WhiteTitle "GM"]
[BlackTitle "GM"]
[WhiteElo "2579"]
[BlackElo "2659"]
[WhiteFideId "13500465"]
[BlackFideId "4140419"]
[EventDate "2011.12.17"]

1. e4 e6 2. d3 c5 3. Nf3 Nc6 4. c3 d5 5. Qe2 Nge7 6. g3 g6 7. Bg2 Bg7 8. O-O h6
9. h4 O-O 10. e5 f6 11. Bf4 fxe5 12. Bxe5 Nxe5 13. Nxe5 Qc7 14. Re1 Rf5 15. Ng4
Bd7 16. Nd2 Raf8 17. Nf3 Nc6 18. Rad1 Kh7 19. Rd2 b5 20. Red1 b4 21. d4 Qa5 22.
c4 cxd4 23. cxd5 exd5 24. Ngh2 Qxa2 25. Bh3 Rxf3 26. Bxd7 Rxf2 27. Qxf2 Rxf2 28.
Kxf2 Ne5 29. Bh3 d3 30. Nf3 Nc4 31. Rxd3 Nxb2 0-1

[Event "European Rapid 2011"]
[Site "Warsaw POL"]
[Date "2011.12.17"]
[Round "8"]
[White "Bartel, Mateusz"]
[Black "Andriasian, Zaven"]
[Result "1/2-1/2"]
[WhiteTitle "GM"]
[BlackTitle "GM"]
[WhiteElo "2653"]
[BlackElo "2619"]
[WhiteFideId "1112635"]
[BlackFideId "13302000"]
[EventDate "2011.12.17"]

1. e4 c5 2. Ne2 Nf6 3. Nbc3 d6 4. h3 Nc6 5. g4 g6 6. d4 cxd4 7. Nxd4 Bg7 8. Nde2
O-O 9. Bg2 Be6 10. O-O Bc4 11. Rb1 h5 12. g5 Nd7 13. Re1 Rc8 14. Be3 Qa5 15. a3
Rfe8 16. f4 b5 17. Kh2 a6 18. e5 Nf8 19. exd6 exd6 20. Bf2 b4 21. axb4 Nxb4 22.
Ra1 Qf5 23. Qxd6 Nxc2 24. Ng3 Qd3 25. Qxd3 Bxd3 26. Rxe8 Rxe8 27. Rd1 Bc4 28.
Nge4 Rb8 29. Rd2 Nb4 30. Nd6 Bb3 31. f5 Be5+ 32. Bg3 Bxg3+ 33. Kxg3 gxf5 34.
Nxf5 Be6 35. Nd4 Kg7 36. Nxe6+ Nxe6 37. h4 Rd8 38. Rxd8 Nxd8 39. Bf3 Nd3 40. Nd1
f6 41. gxf6+ Kxf6 42. Be2 Nb4 43. Bxh5 Ne6 44. Bg4 Nc5 45. Kf4 Nd5+ 46. Kf3 a5
47. Ke2 Nf4+ 48. Ke3 Ng2+ 49. Kd4 Na6 50. h5 Kg5 51. Be2 Nb4 52. Ke4 Nf4 53. h6
Ng6 54. h7 Kh6 55. Ne3 Kxh7 56. Nc4 1/2-1/2

[Event "European Rapid 2011"]
[Site "Warsaw POL"]
[Date "2011.12.17"]
[Round "8"]
[White "Durarbeyli, Vasif"]
[Black "Zhigalko, Sergei"]
[Result "0-1"]
[WhiteTitle "GM"]
[BlackTitle "GM"]
[WhiteElo "2539"]
[BlackElo "2651"]
[WhiteFideId "13402935"]
[BlackFideId "13502956"]
[EventDate "2011.12.17"]

1. e4 c5 2. Nf3 d6 3. d4 cxd4 4. Nxd4 Nf6 5. Nc3 a6 6. Bg5 e6 7. f4 h6 8. Bh4
Qb6 9. a3 Be7 10. Bf2 Qc7 11. Bg3 Nc6 12. Be2 O-O 13. Qd3 Nxd4 14. Qxd4 b5 15.
Bf3 Bb7 16. Qd3 Rfd8 17. O-O Rac8 18. Kh1 Nd7 19. Bh5 Nf6 20. Bf3 Nd7 21. Bh5
Qc4 22. Rae1 Qxd3 23. cxd3 Nc5 24. Re3 Na4 25. Nxa4 bxa4 26. Bd1 Bc6 27. Be1 d5
28. exd5 Rxd5 29. Bc3 Bb5 30. Bf3 Rxd3 31. Rxd3 Bxd3 32. Rd1 Bb5 33. Rc1 Bf6 34.
Kg1 Bd4+ 35. Kh1 Be3 36. Rd1 Bxf4 37. Bb7 Rb8 38. Be4 Bc7 39. g3 Rd8 40. Rc1 Bb6
41. Kg2 f5 42. Bb7 Kf7 43. Re1 g5 44. Kf3 Rd3+ 45. Kg2 Rd8 46. h3 h5 47. Bf3 g4
48. hxg4 hxg4 49. Bb7 Rb8 50. Rh1 Rxb7 51. Rh7+ Kg6 0-1

[Event "European Rapid 2011"]
[Site "Warsaw POL"]
[Date "2011.12.17"]
[Round "8"]
[White "Socko, Bartosz"]
[Black "Neiksans, Arturs"]
[Result "1-0"]
[WhiteTitle "GM"]
[BlackTitle "IM"]
[WhiteElo "2635"]
[BlackElo "2502"]
[WhiteFideId "1107038"]
[BlackFideId "11601388"]
[EventDate "2011.12.17"]

1. e4 c5 2. Nf3 e6 3. d4 cxd4 4. Nxd4 a6 5. Bd3 Nc6 6. Nxc6 dxc6 7. O-O e5 8. a4
Nf6 9. a5 Bc5 10. c3 Bg4 11. Qc2 O-O 12. b4 Ba7 13. h3 Be6 14. Bg5 h6 15. Bh4 g5
16. Bg3 Qc7 17. Qe2 Kg7 18. Na3 Rae8 19. Bc4 Bc8 20. Nc2 Ng8 21. Bb3 Ne7 22.
Rfe1 Ng6 23. c4 Nf4 24. Qf3 Rd8 25. c5 Rd3 26. Re3 Rd2 27. Na3 Rfd8 28. Nc4 R2d4
29. Rae1 Qe7 30. Rc3 Rd3 31. Re3 R3d4 32. Re1 Be6 33. Qe3 Rd3 34. Qc1 Bxc4 35.
Bxc4 Ne2+ 36. Rxe2 Rd1+ 37. Qxd1 Rxd1+ 38. Kh2 Bb8 39. Ree3 Rd4 40. f3 Bc7 41.
Red3 h5 42. Bf2 g4 43. hxg4 hxg4 44. Kg1 Qg5 45. Be3 Qf6 46. fxg4 Rxd3 47. Rxd3
Qh4 48. Bf2 Qg5 49. Rd7 Qc1+ 50. Bf1 Qb1 51. Rxc7 Qxb4 52. g5 Kg6 53. Re7 1-0

[Event "European Rapid 2011"]
[Site "Warsaw POL"]
[Date "2011.12.17"]
[Round "8"]
[White "Miton, Kamil"]
[Black "Sotsky, Alexander"]
[Result "1-0"]
[WhiteTitle "GM"]
[BlackTitle "IM"]
[WhiteElo "2622"]
[BlackElo "2410"]
[WhiteFideId "1111914"]
[BlackFideId "4130715"]
[EventDate "2011.12.17"]

1. d4 e6 2. Nf3 d5 3. c4 f5 4. g3 Nf6 5. Bg2 c6 6. O-O Bd6 7. Nc3 O-O 8. Qc2 Ne4
9. Rb1 Qe7 10. a3 Bd7 11. b4 Be8 12. c5 Bc7 13. Bf4 Bxf4 14. gxf4 Bh5 15. Ne5
Nxc3 16. Qxc3 Bxe2 17. Rfe1 Bb5 18. Qe3 Rf6 19. Ra1 Ba4 20. Nd3 Qf7 21. Nb2 Bb5
22. a4 Ba6 23. Qb3 b5 24. cxb6 axb6 25. Rac1 Ra7 26. b5 Bb7 27. Nd3 Qc7 28. Rxe6
Rxe6 29. Bxd5 Kh8 30. Bxe6 Qd6 31. Ne5 Ba8 32. Ng6+ 1-0

[Event "European Rapid 2011"]
[Site "Warsaw POL"]
[Date "2011.12.17"]
[Round "8"]
[White "Podolchenko, Evgeniy"]
[Black "Mastrovasilis, Dimitrios"]
[Result "1/2-1/2"]
[WhiteTitle "GM"]
[BlackTitle "GM"]
[WhiteElo "2484"]
[BlackElo "2621"]
[WhiteFideId "13504134"]
[BlackFideId "4202694"]
[EventDate "2011.12.17"]

1. d4 d5 2. c4 c6 3. Nf3 Nf6 4. Nc3 dxc4 5. a4 Bf5 6. Ne5 e6 7. f3 c5 8. e4 Bg6
9. Be3 cxd4 10. Qxd4 Qxd4 11. Bxd4 Nfd7 12. Nxd7 Nxd7 13. Bxc4 Rc8 14. Be2 a6
15. Rd1 f6 16. Kf2 Bc5 17. h4 Bf7 18. Bxc5 Nxc5 19. Ke3 Ke7 20. f4 Rhd8 21. Rxd8 1/2-1/2

[Event "European Rapid 2011"]
[Site "Warsaw POL"]
[Date "2011.12.17"]
[Round "8"]
[White "Gajewski, Grzegorz"]
[Black "Deszczynski, Adam"]
[Result "1-0"]
[WhiteTitle "GM"]
[WhiteElo "2616"]
[BlackElo "2356"]
[WhiteFideId "1116207"]
[BlackFideId "1102753"]
[EventDate "2011.12.17"]

1. d4 Nf6 2. c4 c5 3. d5 e6 4. Nc3 exd5 5. cxd5 d6 6. Nf3 g6 7. Bf4 Bg7 8. Qa4+
Bd7 9. Qb3 Qc7 10. e3 O-O 11. h3 Re8 12. Nd2 Nh5 13. Bh2 Be5 14. Bxe5 Rxe5 15.
Be2 Nf6 16. O-O Na6 17. e4 Rae8 18. f4 R5e7 19. e5 dxe5 20. Bxa6 bxa6 21. Nc4
Bb5 22. Nxb5 axb5 23. d6 bxc4 24. Qd1 Qb7 25. dxe7 Qxe7 26. Qe2 c3 27. bxc3 Nd5
28. Rae1 e4 29. Qd2 Rd8 30. f5 Rd7 31. c4 Nf6 32. Qf4 Kg7 33. g4 h6 34. h4 Nh7
35. fxg6 fxg6 36. Rxe4 Qxh4 37. Re6 Qg5 38. Qe4 h5 39. Qe5+ Qxe5 40. Rxe5 hxg4
41. Rxc5 Nf6 42. Re5 Kh6 1-0

[Event "European Rapid 2011"]
[Site "Warsaw POL"]
[Date "2011.12.17"]
[Round "8"]
[White "Antoms, Guntars"]
[Black "Melkumyan, Hrant"]
[Result "1/2-1/2"]
[WhiteTitle "IM"]
[BlackTitle "GM"]
[WhiteElo "2395"]
[BlackElo "2615"]
[WhiteFideId "11601469"]
[BlackFideId "13302485"]
[EventDate "2011.12.17"]

1. e4 e5 2. Nf3 Nc6 3. Bb5 a6 4. Bxc6 dxc6 5. O-O Bg4 6. h3 h5 7. d3 Qf6 8. Nbd2
Ne7 9. Re1 Ng6 10. d4 Nf4 11. hxg4 hxg4 12. Nh2 Nxg2 13. Ndf1 Nxe1 14. Qxe1 exd4
15. e5 Qg6 16. Bf4 O-O-O 17. Qe2 d3 18. cxd3 Rxd3 19. Rd1 Rxd1 20. Qxd1 f5 21.
exf6 gxf6 22. Ng3 Rg8 23. Qd4 b6 24. Qc4 Kb7 25. Qe6 Bb4 26. a3 Re8 27. Qd7 Re7
28. Qxg4 Re1+ 29. Kg2 Qxg4 30. Nxg4 Be7 31. Nf5 Bd8 32. Bd2 Re6 33. Bc3 c5 34.
Kf3 b5 35. Nfe3 Rd6 36. Ke4 c6 37. Kf5 a5 38. Nxf6 Rd3 39. Ne4 Kb6 40. Ke6 Bh4
41. Nf5 Bd8 42. Bd2 1/2-1/2

[Event "European Rapid 2011"]
[Site "Warsaw POL"]
[Date "2011.12.17"]
[Round "8"]
[White "Markowski, Tomasz"]
[Black "Kula, Robert"]
[Result "1-0"]
[WhiteTitle "GM"]
[BlackTitle "FM"]
[WhiteElo "2606"]
[BlackElo "2341"]
[WhiteFideId "1105680"]
[BlackFideId "1101218"]
[EventDate "2011.12.17"]

1. d4 d5 2. Nf3 Nf6 3. c4 c6 4. Qb3 dxc4 5. Qxc4 Be6 6. Qc2 Na6 7. Nc3 Nb4 8.
Qa4 a5 9. e4 Bg4 10. Be3 e6 11. a3 Na6 12. Be2 Be7 13. O-O O-O 14. Rfd1 Bh5 15.
Qc2 Bg6 16. Ne5 Nc7 17. Rac1 Nd7 18. Nxg6 hxg6 19. Qb3 Qb8 20. d5 cxd5 21. exd5
Bf6 22. dxe6 Ne5 23. f4 Nc6 24. exf7+ Kh7 25. Rd7 a4 26. Nxa4 Rxa4 27. Qxa4 Qc8
28. Rcd1 Ne6 29. Qe4 Ncd8 30. Bd3 Qxd7 31. Qxg6+ Kh8 32. Qh7# 1-0